Powerpoint : guía rápida /
Guardado en:
| Autor Principal: | |
|---|---|
| Formato: | Libro |
| Publicado: |
Buenos Aires :
M P Ediciones,
1997
|
| Series: | Soluciones compumagazine; No. 4
|
| Materias: | |
| Etiquetas: |
Agregar Etiqueta
Sin Etiquetas, Sea el primero en etiquetar este registro!
|
| LEADER | 00817nam a22002055a 4500 | ||
|---|---|---|---|
| 001 | CEM.cems012386 | ||
| 005 | 20070705154215.0 | ||
| 008 | 130507s1997##################000#0#####d | ||
| 003 | CEMS | ||
| 020 | |a 9879131460 | ||
| 082 | 0 | 4 | |a 001.6425 |
| 100 | 1 | |a Sánchez, Claudio | |
| 245 | 1 | 0 | |a Powerpoint : |b guía rápida / |c Claudio Sánchez |
| 260 | |a Buenos Aires : |b M P Ediciones, |c 1997 | ||
| 300 | |a 128 p. | ||
| 490 | 0 | |a Soluciones compumagazine; No. 4 | |
| 505 | 0 | |a Aprenda PowerPoint en una clase -- Los modos de visualización -- Gráficos -- Organigramas -- Manejo de ilustraciones -- Tablas, listas, multimedia -- Presentando la presentación -- Imprimiendo la presentación -- PowerPoint en Internet | |
| 653 | |a Informática | ||
| 653 | |a Powerpoint | ||
| 859 | |a CEMS |b BIB. CEMS - 11 de abril |h 001.6425 |i Sa55-1 |p 23649.06 |t Ej.1 | ||
